Obsada "Kariery Nikodema Dyzmy" - Statystyki

Ogólne statystyki
  • Ten quiz został rozwiązany 9 razy
  • Średni wynik to 10 z 17
Statystyki odpowiedzi
Postać Aktor % Poprawnych
Nikodem Dyzma Roman Wilhelmi
100%
Jan Ulanicki Bogusz Bilewski
88%
Leon Kunicki Bronisław Pawlik
88%
Wacław Wareda Leonard Pietraszak
88%
Żorż Ponimirski Wojciech Pokora
88%
Zygmunt Krzepicki Jerzy Bończak
75%
Nina Ponimirska Grażyna Barszczewska
63%
Kasia Izabela Trojanowska
63%
Terkowski Mariusz Dmochowski
63%
Akordeonista Ambroziak Witold Pyrkosz
63%
Lala Koniecpolska Ewa Szykulska
50%
REŻYSER Jan Rybkowski
50%
Komisarz Reich Arkadiusz Bazak
38%
Mańka Halina Golanko
38%
Minister Jaszuński Tadeusz Pluciński
38%
REŻYSER Marek Nowicki
13%
Minister Pilchen Włodzimierz Musiał
13%
Nie znaleziono quizów pasujących do podanych kryteriów
Rozkład punktacji
Procent ludzi z każdym wynikiem
Percentyl według liczby udzielonych odpowiedzi
Twoja historia wyników
Nie rozwiązałeś tego quizu